000 00761cam a2200241 a 4500
001 000009857
003 OSt
005 20200929161732.0
008 931009s1990 ck 000 p spa d
020 _a9589075193
040 _aDO-SdBNP
_bspa
_cBNPHU
082 _aC861.44
_bR934a
100 1 _aRuiz Gómez, Darío,
_d1938-
_924790
245 1 0 _aA la sombra del angel /
_cDarío Ruiz Gómez.
260 _aMedellín, Colombia :
_bBiblioteca Pública Piloto de Medellín,
_c1990.
300 _a120 p. ;
_c20 cm.
490 0 _aBiblioteca Pública Piloto de Medellín
_v7
650 4 _aPoesía colombiana
_93742
650 4 _aLiteratura colombiana
_91244
830 0 _aBiblioteca Pública Piloto de Medellín ;
_v7
_924791
942 _2ddc
_cLF1
956 _aLOPEREZ
999 _c9616
_d9616